<?xml version="1.0" encoding="UTF-8"?>
<collection xmlns="http://www.loc.gov/MARC21/slim">
<record>
  <controlfield tag="001">361858</controlfield>
  <controlfield tag="005">20250919173153.0</controlfield>
  <datafield tag="035" ind1=" " ind2=" ">
    <subfield code="a">G:(GEPRIS)564131545</subfield>
  </datafield>
  <datafield tag="024" ind1="7" ind2=" ">
    <subfield code="a">G:(GEPRIS)564131545</subfield>
    <subfield code="d">564131545</subfield>
  </datafield>
  <datafield tag="040" ind1=" " ind2=" ">
    <subfield code="a">GEPRIS</subfield>
    <subfield code="c">http://gepris.its.kfa-juelich.de</subfield>
  </datafield>
  <datafield tag="150" ind1=" " ind2=" ">
    <subfield code="a">Kritische Männlichkeitenforschung weiterdenken. Theorien, Methodologien und aktuelle Gegenstandsbereiche</subfield>
    <subfield code="y">2025 -</subfield>
  </datafield>
  <datafield tag="371" ind1=" " ind2=" ">
    <subfield code="a">Professor Dr. Mart Busche</subfield>
  </datafield>
  <datafield tag="450" ind1=" " ind2=" ">
    <subfield code="a">DFG project G:(GEPRIS)564131545</subfield>
    <subfield code="w">d</subfield>
    <subfield code="y">2025 -</subfield>
  </datafield>
  <datafield tag="510" ind1="1" ind2=" ">
    <subfield code="a">Deutsche Forschungsgemeinschaft</subfield>
    <subfield code="0">I:(DE-588b)2007744-0</subfield>
    <subfield code="b">DFG</subfield>
  </datafield>
  <datafield tag="680" ind1=" " ind2=" ">
    <subfield code="a">Das Forschungsnetzwerk „Kritische Männlichkeitenforschung weiterdenken“ zielt darauf ab, eine aktuelle Positionsbestimmung einer sich als kritisch verstehenden Männlichkeitenforschung innerhalb sozialwissenschaftlicher Debatten vorzunehmen. Vor dem Hintergrund beschleunigter gesellschaftlicher Wandlungsprozesse im fortschreitenden Kapitalismus, die sich massiv und sehr unterschiedlich auf die Geschlechterverhältnisse auswirken, geht es um eine Reflexion und Weiterentwicklung von neuen theoretischen und methodologischen Impulsen sowie die Exploration von Männlichkeiten in aktuell bedeutsamen gesellschaftlichen Bereichen. Die Gleichzeitigkeit von Wandel, Persistenz und Retraditionalisierung von Geschlechterverhältnissen fordert die Männlichkeitsforschung heraus, ihre Analysewerkzeuge kontinuierlich zu überdenken. Das Netzwerk strebt deshalb an, den erkenntnistheoretischen Ertrag internationaler Debatten für die sozial- und kulturwissenschaftliche Männlichkeitenforschung im deutschsprachigen Raum herauszuarbeiten, ihre Perspektive strukturell zu stärken und ihr Potential für das Verständnis gegenwärtiger gesellschaftlicher Herausforderungen aufzuzeigen. Beteiligt sind einundzwanzig Wissenschaftler*innen sozial- und kulturwissenschaftlicher Disziplinen wie Soziologie, Soziale Arbeit, Erziehungswissenschaften, Psychologie, Kulturanthropologie, Ethnologie, Politikwissenschaft, Medienwissenschaft und Geschichte, um gleichzeitig multidisziplinär, aber fokussiert aktuelle theoretische und method(olo)gische Fragen und gesellschaftliche Problemfelder diskutieren zu können. Hierzu kooperiert das Netzwerk mit vierzehn ausgewiesenen Expert*innen, überwiegend aus dem internationalen Wissenschaftsraum. Konkret werden über die Dauer von drei Jahren in sechs Treffen zentrale Themen wie Körper, Sexualität, Gewalt, Antifeminismus, Militär, Migration, Arbeit, Technik und Natur behandelt. Ziel ist es, theoretische und methodische Grundlagen weiterzuentwickeln und aktuelle Forschungsstände kritisch zu reflektieren. Die Ergebnisse des Netzwerks werden in einem Open-Access-Sammelband, Special Issues wissenschaftlicher Zeitschriften sowie weiteren Publikationen dokumentiert. Ergänzend werden Lehrmaterialien in Form von Podcasts erstellt und die Arbeit durch Fachveranstaltungen und Konferenzpanels öffentlich sichtbar gemacht.</subfield>
  </datafield>
  <datafield tag="909" ind1="C" ind2="O">
    <subfield code="o">oai:juser.fz-juelich.de:1046082</subfield>
    <subfield code="p">authority:GRANT</subfield>
    <subfield code="p">authority</subfield>
  </datafield>
  <datafield tag="980" ind1=" " ind2=" ">
    <subfield code="a">G</subfield>
  </datafield>
  <datafield tag="980" ind1=" " ind2=" ">
    <subfield code="a">AUTHORITY</subfield>
  </datafield>
  <datafield tag="909" ind1="C" ind2="O">
    <subfield code="o">oai:juser.fz-juelich.de:1046082</subfield>
  </datafield>
</record>
</collection>